Fundaciones (Registro nro. 3440)

Detalles MARC
000 -LEADER
fixed length control field 01204 a2200241 4500
001 - CONTROL NUMBER
control field 41227
005 - DATE AND TIME OF LATEST TRANSACTION
control field 20260407155706.0
008 - FIXED-LENGTH DATA ELEMENTS--GENERAL INFORMATION
fixed length control field 260407a2004 arg spa d
003 - CONTROL NUMBER IDENTIFIER
control field AR-UNSa-BCEJYS
040 ## - CATALOGING SOURCE
Original cataloging agency AR-UNSa-BCEJYS
Language of cataloging spa
Transcribing agency AR-UNSa-BCEJYS
080 ## - UNIVERSAL DECIMAL CLASSIFICATION NUMBER
Universal Decimal Classification number 347.191.12
Common auxiliary subdivision Fundaciones. Instituciones. Universitates bonorum
020 ## - INTERNATIONAL STANDARD BOOK NUMBER
International Standard Book Number 950-894-432-3
041 ## - LANGUAGE CODE
Language code of text/sound track or separate title spa
100 1# - MAIN ENTRY--PERSONAL NAME
Personal name Giuntoli, María Cristina
245 10 - TITLE STATEMENT
Title Fundaciones
250 ## - EDITION STATEMENT
Edition statement 2a. ed.
264 #1 - PRODUCTION, PUBLICATION, DISTRIBUTION, MANUFACTURE, AND COPYRIGHT NOTICE
Place of production, publication, distribution, manufacture Buenos Aires :
Name of producer, publisher, distributor, manufacturer AD-HOC
Date of production, publication, distribution, manufacture, or copyright notice 2004
300 ## - PHYSICAL DESCRIPTION
Extent 352 p.
Dimensions 23 cm.
505 ## - FORMATTED CONTENTS NOTE
Formatted contents note 1. Ubicación jurídica de la figura "fundación" - 2. Elementos esenciales externos para la existencia de una fundación (Iª Parte) - 3. Elementos esenciales externos para la existencia de una fundación (2ª Parte) - 4. Elementos específicos de funcionamiento interno - 5. Constitución de fundaciones - 6. Tratamiento impositivo - 7. Funcionamiento de las fundaciones. Representaciones. Filiales. Cambios de jurisdicción - 8. Modificación de estatutos. disolución - Anexos<br/>
590 ## - LOCAL NOTE (RLIN)
Local note niveau_biblio:m niveau_hierar:0
856 41 - ELECTRONIC LOCATION AND ACCESS
Uniform Resource Identifier <a href="https://biblioeco.unsa.edu.ar/pmb/images/libros/L126462.jpg">https://biblioeco.unsa.edu.ar/pmb/images/libros/L126462.jpg</a>
Link text Imagen de portada
Electronic format type image/jpeg
942 ## - ADDED ENTRY ELEMENTS (KOHA)
Koha item type
Existencias
Withdrawn status Lost status Damaged status Not for loan Home library Current library Shelving location Date acquired Total checkouts Full call number Barcode Date last seen Price effective from Koha item type
        Biblioteca Prof. Eusebio Cleto del Rey Biblioteca Prof. Eusebio Cleto del Rey   07/04/2026   347.191.12 G537 2ed. L126462 07/04/2026 07/04/2026 Libro